ՀՀ Գիտությունների ազգային ակադեմիայի հիմնարար գիտական գրադարան  =   Fundamental Scientific Library of NAS RA

Տնտեսագիտություն բոլորի համար / (Record no. 14317)

MARC details
000 -LEADER
fixed length control field 01329nam a2200277 u 4500
001 - CONTROL NUMBER
control field 000030850
003 - CONTROL NUMBER IDENTIFIER
control field AM-YEHGA
005 - DATE AND TIME OF LATEST TRANSACTION
control field 20250627104821.0
008 - FIXED-LENGTH DATA ELEMENTS--GENERAL INFORMATION
fixed length control field 990122s1994 ai |||||||||||||||||arm|d
040 ## - CATALOGING SOURCE
Original cataloging agency AM-YEHGA
041 1# - LANGUAGE CODE
Language code of text/sound track or separate title arm
090 ## - LOCALLY ASSIGNED LC-TYPE CALL NUMBER (OCLC); LOCAL CALL NUMBER (RLIN)
-- 26547
100 1# - MAIN ENTRY--PERSONAL NAME
Personal name Հայլբրոունր, Ռոբրթ
245 10 - TITLE STATEMENT
Title Տնտեսագիտություն բոլորի համար /
Statement of responsibility, etc. Ռ. Հայլբրոունր, Լ. Թարոու; Թարգմ.՝ Ա. Աղաբեկյան; Խմբ.՝ Ա. Եղիկյան և ուրիշ.; Գործարար. հետազ. և զարգացման կենտրոն; Հայաստանի Ամերիկյան համալս.
246 31 - VARYING FORM OF TITLE
Title proper/short title Economics explained
260 ## - PUBLICATION, DISTRIBUTION, ETC.
Place of publication, distribution, etc. Երևան :
Name of publisher, distributor, etc. Ապոլոն,
Date of publication, distribution, etc. 1994.
300 ## - PHYSICAL DESCRIPTION
Extent 296 էջ ;
Dimensions 20 սմ.
650 14 - SUBJECT ADDED ENTRY--TOPICAL TERM
Topical term or geographic name entry element Տնտեսագիտություն
General subdivision Գործարարութուն և ղեկավարում
700 1# - ADDED ENTRY--PERSONAL NAME
Personal name Թարոու, Լեսթր
700 1# - ADDED ENTRY--PERSONAL NAME
Personal name Աղաբեկյան, Ալեքսանդր Սերգեյի,
Dates associated with a name 1939-
Relator term թարգմ.
Relationship trl
700 1# - ADDED ENTRY--PERSONAL NAME
Personal name Եղիկյան, Արմեն
Relator term խմբ.
Relationship edt
700 1# - ADDED ENTRY--PERSONAL NAME
Personal name Հովհաննիսյան, Արմեն
Relator term խմբ.
Relationship edt
710 2# - ADDED ENTRY--CORPORATE NAME
Corporate name or jurisdiction name as entry element Գործարարության հետազոտությունների և զարգացման կենտրոն
710 2# - ADDED ENTRY--CORPORATE NAME
Corporate name or jurisdiction name as entry element Հայաստանի ամերիկյան համալսարան
942 ## - ADDED ENTRY ELEMENTS (KOHA)
Koha item type Գրքեր / Books
Source of classification or shelving scheme Universal Decimal Classification
Holdings
Withdrawn status Lost status Source of classification or shelving scheme Damaged status Not for loan Collection Home library Current library Date acquired Total checkouts Full call number Barcode Date last seen Price effective from Koha item type Public note Copy number
    Universal Decimal Classification     General Fundamental Scientific Library Fundamental Scientific Library 21/12/2016   AII/84337 220084337 21/12/2016 21/12/2016 Գրքեր / Books 30 Days Loan  
    Universal Decimal Classification     General Fundamental Scientific Library Fundamental Scientific Library 21/12/2016   AII/84729 220084729 21/12/2016 21/12/2016 Գրքեր / Books 30 Days Loan  
          General Fundamental Scientific Library Fundamental Scientific Library 21/12/2016   AII/84338 FL0076581 21/12/2016 21/12/2016 Գրքեր / Books 30 Days Loan  
          General Fundamental Scientific Library Fundamental Scientific Library 21/12/2016   AII/84730 FL0190624 21/12/2016 21/12/2016 Գրքեր / Books 30 Days Loan 339.13
    Universal Decimal Classification     General Fundamental Scientific Library Fundamental Scientific Library 08/05/2025   AII/113131 FL0693891 08/05/2025 08/05/2025 Գրքեր / Books 30 Days Loan  


ՀՀ ԳԱԱ հիմնարար գիտական գրադարան
ՀՀ,Երևան 0019
Մարշալ Բաղրամյան 24/6
հեռախոս:(374-10) 52-47-50
Հետադարձ կապ

All site content, except where otherwise noted, is licensed under a
Creative Commons License